00376nam a2200121Ia 4500008004100000245011300041260001700154260000900171300000900180650002300189650001200212856003000224170516s9999 xx 000 0 und d aMultiparametric Spectroscopic Photoacoustic Imaging of Breast Cancer Development in a Transgenic Mouse Model bTheranostics c2014 a4:11 xMedical Technology xMedtech uhttp://www.thno.org/v4i11